Govt. of
Madhya Pradesh

Playwright At the Centre (Record no. 1311)

MARC details
000 -LEADER
fixed length control field 005190000a22001930004500
001 - CONTROL NUMBER
control field 001316
003 - CONTROL NUMBER IDENTIFIER
control field MACL
005 - DATE AND TIME OF LATEST TRANSACTION
control field 20150929134307.0
008 - FIXED-LENGTH DATA ELEMENTS--GENERAL INFORMATION
fixed length control field 150929b xxu||||| |||| 00| 0 eng d
040 ## - CATALOGING SOURCE
Original cataloging agency MACL
Transcribing agency MACL
041 ## - LANGUAGE CODE
Language code of text/sound track or separate title English
082 ## - DEWEY DECIMAL CLASSIFICATION NUMBER
Classification number 891.462/GOK
100 ## - MAIN ENTRY--PERSONAL NAME
Personal name Gokhale, Shanta
9 (RLIN) 10295
245 ## - TITLE STATEMENT
Title Playwright At the Centre
Remainder of title Marathi Drama From 1843 To the Present
Statement of responsibility, etc. Shanta Gokhale
260 ## - PUBLICATION, DISTRIBUTION, ETC. (IMPRINT)
Place of publication, distribution, etc. Calcutta
Date of publication, distribution, etc. 2000
Name of publisher, distributor, etc. Seagull Publications,
350 ## - PRICE (NR) (BK AM CF MU VM SE) [OBSOLETE]
Price 795
650 ## - SUBJECT ADDED ENTRY--TOPICAL TERM
Topical term or geographic name as entry element Drama
9 (RLIN) 12756
942 ## - ADDED ENTRY ELEMENTS (KOHA)
Call number prefix 891
Koha item type Books
Source of classification or shelving scheme
Holdings
Withdrawn status Lost status Source of classification or shelving scheme Damaged status Not for loan Home library Current library Date acquired Cost, normal purchase price Total Checkouts Full call number Barcode Date last seen Uniform Resource Identifier Price effective from Koha item type
          MACL MACL 15/04/2015 795.00   891.462/GOK CRE012727 02/05/2024 1315 15/04/2015 Books